000 00537nam a22001697a 4500
003 macl
005 20200920142143.0
008 200920b xxu||||| |||| 00| 0 eng d
040 _cmacl
082 _a200/RAB
100 _aराघव रांगेय
_937128
245 _aगोरखनाथ अेैार उनका युग
260 _aदिल्‍ली एंव लखनयु
_bआत्‍माराम एण्‍ड संस
_c2017
650 _amacl
_971861
690 _amacl
_971861
942 _2ddc
_cHIN
999 _c63311
_d63311